Classifica Marcatori Serie A 1999-2000 - Statistics

Statistiche generali
  • Questo quiz è stato fatto 74 volte
  • Il punteggio medio è 11 su 16
Statistiche sulle risposte
Gol Nazione Squadra Calciatore % Corretto
24 Ucraina Milan Andrij Ševčenko
100%
23 Argentina Fiorentina Gabriel Omar Batistuta
98%
22 Argentina Parma Hernán Crespo
98%
13 Italia Inter Christian Vieri
92%
18 Italia Roma Vincenzo Montella
86%
10 Uruguay Inter Álvaro Recoba
78%
11 Germania Milan Olivier Bierhoff
75%
12 Cile Lazio Marcelo Salas
73%
11 Italia Roma Marco Delvecchio
73%
15 Italia Juventus Filippo Inzaghi
70%
15 Italia Bologna Giuseppe Signori
68%
11 Sierra Leone Reggina Mohamed Kallon
44%
18 Italia Torino Marco Ferrante
30%
11 Italia Perugia Nicola Amoruso
30%
15 Italia Lecce Cristiano Lucarelli
24%
12 Italia Udinese Roberto Muzzi
16%
Nessun quiz corrispondente trovato
Distribuzione punteggi
Percentuale di utenti per punteggio
Percentile per numero di risposta
I tuoi punteggi nel tempo
Non hai fatto questo quiz